| 000 | 00494nam a2200157 a 4500 | ||
|---|---|---|---|
| 005 | 20140414093836.0 | ||
| 008 | 030619s19uu xx 00 eng d | ||
| 050 |
_aCDR 800 _bLIB 1999 |
||
| 245 | _aLibrary of the future. | ||
| 250 | _a4th ed | ||
| 500 | _aContents: Books, poems, plays, historical and religious documents, stories, essays and children's classics. | ||
| 520 | _a5,000 literary works on one CD-ROM | ||
| 650 |
_aLiterature _xinteractive. |
||
| 942 | _cAVM | ||
| 999 |
_c109013 _d109013 |
||